| 000 | 00711nam a2200205 a 4500 | ||
|---|---|---|---|
| 001 | 000027233 | ||
| 005 | 20240409073641.0 | ||
| 008 | 110330q1979 dr 001 0 spa d | ||
| 040 |
_aDO-SdBNP _bspa _cBNPHU |
||
| 082 |
_a729.3053 _bF825t, 1979 |
||
| 100 | 1 |
_aFranco, Franklin J., _d1936- _946020 |
|
| 245 | 1 | 0 |
_aTrujillismo : _bgénesis y rehabilitación / _cFranklin J. Franco. |
| 250 | _a2ª ed. | ||
| 260 |
_aSanto Domingo : _bNacional, _c[1979?]. |
||
| 300 |
_a125 p. ; _c21 cm. |
||
| 504 | _aIncluye bibliografía y notas al final de capítulos. | ||
| 651 | 4 |
_aRepública Dominicana _xPolítica Y Gobierno _yERA DE TRUJILLO, 1930-1961 _91374 |
|
| 910 | _aValidado. Control de calidad EMS. | ||
| 049 | _aBNPD | ||
| 999 |
_c26725 _d26725 |
||